000 00630nam a22002177a 4500
003 UA-OsUOA
001 117017
007 ta
008 20160420b un ||||| |||| 00| 0 ukr d
100 _aОзеран А.В.
090 _a330(477)
_bО-46
942 _cSA
040 _aUA-OsUOA
_bukr
_cUA-OsUOA
_dUA-OsUOA
245 _aОптимізація обсягу та структури фінансових звітів
300 _aС.75-83
955 _a0
041 _aukr
080 _a330(477)
773 0 _w117008
_tСтатистика України
_dК.
_d2015
_g4
650 7 _a330 Економіка взагалі
_2UDC
999 _c402996
_d402996